| 000 | 00775nam a2200193 i 4500 | ||
|---|---|---|---|
| 001 | 70267 | ||
| 003 | ES-MaACL | ||
| 005 | 20251017063054.0 | ||
| 007 | t| | ||
| 008 | 040721s1933 sp ||||1| spa d | ||
| 100 | 0 |
_aGarcía del Real, Eduardo, _d1870-1946 _954523 |
|
| 245 | 1 | 0 |
_aNotas a propósito de la historia del tifus exantemático _b: discusos leídos en la Academia Nacional de Medicina para la recepción pública del académico electo / _cEduardo García del Real y Alvarez Mijares ; contestación de Enrique Fernández Sanz. |
| 260 |
_aMadrid : _bJulio Cosano, _c1933. |
||
| 300 |
_a68 p. ; _c22 cm. |
||
| 650 | 0 | 4 |
_aTifus exantemático. _917539 |
| 700 | 1 |
_aFernández Sanz, Enrique. _950080 |
|
| 852 |
_aES-MaACL _j1768-F-16 |
||
| 999 |
_c70267 _d70267 |
||